000
00309nam a22001217a 4500
008
260423b |||||||| |||| 00| 0 eng d
082
_a
001274
100
_a
Jain, Rajendra C
245
_a
Word World Potency and Meaning
260
_a
Delhi
_b
New Bharatiya Book Corporation
_c
2020
300
_a
62p
942
_2
ddc
999
_c
1277
_d
1277